Stati con più Ebrei in Europa - Statistics

Statistiche generali
  • Questo quiz è stato fatto 43 volte
  • Il punteggio medio è 9 su 10
Statistiche sulle risposte
Ebrei (in numeri assoluti) Stato % Corretto
448 000 Francia
100%
27 000 Italia
100%
118 000 Germania
97%
29 800 Paesi Bassi
94%
292 000 Regno Unito
92%
29 000 Belgio
86%
15 000 Svezia
78%
45 000 Ucraina
78%
18 500 Svizzera
75%
47 200 Ungheria
75%
Nessun quiz corrispondente trovato
Distribuzione punteggi
Percentuale di utenti per punteggio
Percentile per numero di risposta
I tuoi punteggi nel tempo
Non hai fatto questo quiz